MARC

LEADER 00000nam0a2200000 4500
001 24425
005 20231101205616.0
010 |a 5880100979 
035 |a (RuTPU)RU\TPU\book\24652 
035 |a BOOK00002428 
090 |a 24425 
100 |a 20011209d2000 km y0rusy50 ca 
101 0 |a rus 
102 |a RU 
105 |a y eg 000zy 
200 1 |a Недвижимость  |e Словарь-справочник  |f Н. А. Голощапов, С. И. Помазкова 
210 |a Москва  |c ИТРК РСПП  |d 2000 
215 |a 423 с. 
606 1 |a Недвижимость  |x Экономика  |2 stltpush  |3 (RuTPU)RU\TPU\subj\67549  |9 83306 
610 1 |a экономика 
610 1 |a недвижимость 
610 1 |a рынок 
610 1 |a оценка 
610 1 |a ипотечное кредитование 
610 1 |a закладные операции 
610 1 |a словари 
610 1 |a справочники 
686 |a У9(2)422я2  |v LBC/SL-A  |2 rubbk 
700 1 |a Голощапов  |b Н. А.  |g Николай Алексеевич 
701 1 |a Помазкова  |b С. И.  |g Светлана Ивановна 
801 0 |a RU  |b 63413507  |c 20011209  |g PSBO 
801 2 |a RU  |b 63413507  |c 20140114  |g PSBO 
942 |c BK